[Event "Mostoles op 12th"]
[Site "Mostoles"]
[Date "2023.07.28"]
[Round "6"]
[White "Huerta Navarro, Eusebio"]
[Black "Villodre Miranda, Juan Alonso"]
[Result "1-0"]
[WhiteElo "1633"]
[BlackElo "1495"]
[PlyCount "95"]
[EventDate "2023.07.23"]
[EventType "swiss"]
[EventRounds "8"]
[EventCountry "ESP"]
[SourceTitle "CBM 215 Extra"]
[Source "ChessBase"]
[SourceDate "2023.09.30"]
[SourceVersion "1"]
[SourceVersionDate "2023.09.30"]
[SourceQuality "1"]

1. e4 g6 2. d4 Bg7 3. Nf3 c6 4. Nc3 h6 5. Bc4 e6 6. Bb3 d5 7. 0-0 dxe4 8. Nxe4 Nf6 9. Re1 0-0 10. c3 Nxe4 11. Rxe4 Nd7 12. Bf4 Nf6 13. Re1 Kh8 14. Be5 b6 15. Rc1 Bb7 16. Qe2 a5 17. Bc2 Ba6 18. Qd1 Rc8 19. Bd3 Bxd3 20. Qxd3 c5 21. Qb5 Nd7 22. Bxg7+ Kxg7 23. Rcd1 Qc7 24. dxc5 Nxc5 25. b4 axb4 26. cxb4 Nb7 27. Rd7 Qb8 28. Qxb6 Nd8 29. Qd4+ Kg8 30. a3 Rc7 31. Qd6 Rb7 32. Qxb8 Rxb8 33. Ne5 Rb7 34. Red1 Rxd7 35. Rxd7 Kg7 36. b5 Kf6 37. Ng4+ Kf5 38. h3 h5 39. Ne3+ Kf6 40. a4 e5 41. a5 Ke6 42. Rd1 Nb7 43. a6 Nc5 44. a7 Ra8 45. b6 Nb7 46. Nc4 f6 47. Nd6 Na5 48. Nb5 1-0

[Event "Mostoles op 12th"]
[Site "Mostoles"]
[Date "2023.07.24"]
[Round "2"]
[White "Lysyy, Petro"]
[Black "Villodre Miranda, Juan Alonso"]
[Result "0-1"]
[WhiteElo "1843"]
[BlackElo "1495"]
[PlyCount "83"]
[EventDate "2023.07.23"]
[EventType "swiss"]
[EventRounds "8"]
[EventCountry "ESP"]
[SourceTitle "CBM 215 Extra"]
[Source "ChessBase"]
[SourceDate "2023.09.30"]
[SourceVersion "1"]
[SourceVersionDate "2023.09.30"]
[SourceQuality "1"]

1. e4 g6 2. Nf3 Bg7 3. c3 c6 4. d3 d6 5. Be3 e5 6. Nbd2 h6 7. g3 Ne7 8. Bg2 Be6 9. h3 Qd7 10. Qc2 0-0 11. g4 f5 12. gxf5 gxf5 13. Nb3 f4 14. Bd2 a5 15. a4 Na6 16. c4 b6 17. Bc3 c5 18. Nbd2 Nb4 19. Bxb4 axb4 20. Ke2 Kh7 21. Nb3 Nc6 22. Qd1 Bf6 23. Kd2 Rg8 24. Bf1 Na5 25. Nxa5 bxa5 26. b3 Rg6 27. Kc2 Rag8 28. Qd2 Kg7 29. Rc1 Kf8 30. Kb1 Bf7 31. Qe2 R6g7 32. Kc2 Bh5 33. Kb1 Rg1 34. Rh2 Qf7 35. h4 Qe7 36. Bh3 Rxc1+ 37. Kxc1 Bxh4 38. Bf5 Rg1+ 39. Kc2 Bxf3 40. Qxf3 Qg5 41. Kb2 Rb1+ 42. Kc2 0-1

[Event "Madrid-ch Previa A"]
[Site "Madrid"]
[Date "2023.02.08"]
[Round "3.19"]
[White "Arevillca Colque, Jonatan"]
[Black "Villodre Miranda, Juan Alonso"]
[Result "1-0"]
[WhiteElo "1765"]
[BlackElo "1503"]
[PlyCount "99"]
[EventDate "2023.02.06"]
[EventType "swiss"]
[EventRounds "9"]
[EventCountry "ESP"]
[SourceTitle "EXT 2024"]
[Source "ChessBase"]
[SourceDate "2023.10.10"]
[SourceVersion "1"]
[SourceVersionDate "2023.10.10"]
[SourceQuality "1"]

1. e4 g6 2. d4 Bg7 3. Nc3 e6 4. Be3 Ne7 5. h4 h5 6. Nf3 d5 7. e5 a6 8. a4 b6 9. Bd3 Nd7 10. Ng5 c5 11. Qf3 0-0 12. Qf4 cxd4 13. Bxd4 Qc7 14. Qe3 Bxe5 15. a5 Bxd4 16. Qxd4 Qe5+ 17. Qxe5 Nxe5 18. axb6 Nxd3+ 19. cxd3 Bb7 20. 0-0 Rfc8 21. d4 Rc4 22. Rfd1 Bc6 23. Ra5 Rb4 24. Rd2 Rxb6 25. f4 Ra7 26. Nf3 Be8 27. Ne5 Nc6 28. Nxc6 Bxc6 29. Rc5 Bb5 30. Kf2 Bc4 31. Rc8+ Kg7 32. Na4 Rbb7 33. Nc5 Rc7 34. Rb8 Kf6 35. b3 Bb5 36. Ra2 Ke7 37. Ke3 Kd6 38. Rb6+ Ke7 39. Kf3 Kf6 40. g4 hxg4+ 41. Kxg4 Re7 42. Rh2 Re8 43. Ra2 Raa8 44. Rb7 Rh8 45. Rb6 Rhb8 46. Raxa6 Rxb6 47. Rxa8 Be2+ 48. Kg3 Rb4 49. Ra4 Rb6 50. Nd7+ 1-0

[Event "Madrid-ch Previa A"]
[Site "Madrid"]
[Date "2023.02.07"]
[Round "2.38"]
[White "Villodre Miranda, Juan Alonso"]
[Black "Reina Cascos, Antonio"]
[Result "1-0"]
[WhiteElo "1503"]
[BlackElo "1179"]
[PlyCount "61"]
[EventDate "2023.02.06"]
[EventType "swiss"]
[EventRounds "9"]
[EventCountry "ESP"]
[SourceTitle "EXT 2024"]
[Source "ChessBase"]
[SourceDate "2023.10.10"]
[SourceVersion "1"]
[SourceVersionDate "2023.10.10"]
[SourceQuality "1"]

1. c4 e6 2. Nf3 f5 3. d4 Nf6 4. g3 c6 5. Bg2 d5 6. cxd5 exd5 7. a3 Bd6 8. Nc3 0-0 9. 0-0 Qe7 10. e3 Nbd7 11. b4 Ne4 12. Nxe4 fxe4 13. Nd2 Nf6 14. h3 Kh8 15. Kh2 Qf7 16. f4 exf3 17. Rxf3 Qh5 18. Rf1 Ng4+ 19. Kg1 Rxf1+ 20. Nxf1 Bf5 21. hxg4 Bxg4 22. Qe1 Rf8 23. Nh2 Be6 24. Ra2 Rf6 25. e4 dxe4 26. Qe2 Bxa2 27. Qxh5 Bd5 28. Ng4 Rg6 29. Ne5 Bxe5 30. Qxe5 Re6 31. Qb8+ 1-0

[Event "Madrid Alcorcon op 1st"]
[Site "Madrid"]
[Date "2022.12.29"]
[Round "7"]
[White "Munoz Xu, Lain"]
[Black "Villodre Miranda, Juan Alonso"]
[Result "0-1"]
[WhiteElo "1111"]
[BlackElo "1516"]
[PlyCount "96"]
[EventDate "2022.12.26"]
[EventType "swiss"]
[EventRounds "9"]
[EventCountry "ESP"]
[SourceTitle "CBM 212 Extra"]
[Source "ChessBase"]
[SourceDate "2023.03.31"]
[SourceVersion "1"]
[SourceVersionDate "2023.03.31"]
[SourceQuality "1"]

1. e4 g6 2. d4 Bg7 3. Nc3 c6 4. Bc4 e6 5. Nf3 h6 6. 0-0 Ne7 7. Bf4 0-0 8. Re1 d5 9. exd5 Nxd5 10. Nxd5 exd5 11. Bd3 Bg4 12. h3 Bxf3 13. Qxf3 Kh7 14. Be5 Nd7 15. Bxg7 Kxg7 16. Re3 Re8 17. Rae1 Rxe3 18. Rxe3 Nf6 19. Qf4 Rc8 20. Rf3 Rc7 21. c3 Qe7 22. Re3 Qd8 23. Rf3 a6 24. Qe5 Qe7 25. Rxf6 Qxe5 26. dxe5 Re7 27. Rf3 Rxe5 28. c4 d4 29. Rf4 c5 30. a3 Re1+ 31. Kh2 f5 32. g4 Rd1 33. Be2 Rd2 34. Bf3 Rxb2 35. Bxb7 Rxb7 36. Rf3 Kf6 37. Rd3 a5 38. Kg3 a4 39. f3 Rb3 40. Rd2 Rxa3 41. Rb2 Rb3 42. Ra2 a3 43. Ra1 d3 44. Re1 d2 45. Re8 d1Q 46. Rc8 Qxf3+ 47. Kh2 Rb2+ 48. Kg1 Qd1# 0-1

[Event "Madrid-ch Previa-A"]
[Site "Madrid"]
[Date "2022.03.07"]
[Round "1"]
[White "Moreno Torrero, Javier"]
[Black "Villodre Miranda, Juan Alonso"]
[Result "1-0"]
[WhiteElo "1952"]
[BlackElo "1563"]
[PlyCount "85"]
[EventDate "2022.03.07"]
[EventType "swiss"]
[EventRounds "9"]
[EventCountry "ESP"]
[SourceTitle "EXT 2023"]
[Source "ChessBase"]
[SourceDate "2022.10.05"]
[SourceVersion "1"]
[SourceVersionDate "2022.10.05"]
[SourceQuality "1"]

1. d4 d5 2. c4 e6 3. Nc3 c6 4. Nf3 Nf6 5. Bg5 Be7 6. e3 Nbd7 7. Qc2 dxc4 8. Bxc4 Nd5 9. Bxe7 Qxe7 10. 0-0 b6 11. e4 Nxc3 12. Qxc3 0-0 13. Rfe1 Bb7 14. d5 e5 15. dxc6 Bxc6 16. Bxf7+ Qxf7 17. Qxc6 Rfc8 18. Qd6 Rf8 19. Rad1 Nc5 20. Qd5 Rae8 21. b4 Qxd5 22. exd5 Nd7 23. d6 Re6 24. Ng5 Rg6 25. Ne4 Rf4 26. Rc1 Kf7 27. Rc7 Ke6 28. Kf1 Nf6 29. Re7+ Kd5 30. Nxf6+ Kxd6 31. Nh5 Rfg4 32. R7xe5 Rxg2 33. Ng3 Rxh2 34. Nf5+ Kd7 35. Rd1+ Kc7 36. Rc1+ Kb7 37. Re7+ Ka6 38. Rcc7 Kb5 39. a3 a5 40. Nd4+ Ka4 41. bxa5 bxa5 42. Rc4+ Kxa3 43. Re3+ 1-0

[Event "Merida World Heritage op 1st"]
[Site "Merida"]
[Date "2021.08.08"]
[Round "9"]
[White "Villodre Miranda, Juan Alonso"]
[Black "Lages, Duarte Jorge Da Sil"]
[Result "1-0"]
[WhiteElo "1583"]
[BlackElo "1414"]
[PlyCount "91"]
[EventDate "2021.08.04"]
[EventType "swiss"]
[EventRounds "9"]
[EventCountry "ESP"]
[SourceTitle "EXT 2023"]
[Source "ChessBase"]
[SourceDate "2022.10.05"]
[SourceVersion "1"]
[SourceVersionDate "2022.10.05"]
[SourceQuality "1"]

1. c4 e5 2. e4 Nf6 3. Nc3 b6 4. g3 Bb7 5. Bg2 Nc6 6. h3 Bc5 7. Nge2 0-0 8. d3 Nd4 9. Nxd4 Bxd4 10. Ne2 Bc5 11. 0-0 c6 12. Kh2 d5 13. cxd5 cxd5 14. Nc3 dxe4 15. dxe4 Qxd1 16. Nxd1 Bxe4 17. Bxe4 Nxe4 18. Re1 Nxf2 19. Nxf2 Bxf2 20. Rxe5 Rfe8 21. Bf4 f6 22. Rxe8+ Rxe8 23. Rb1 Re2 24. Bb8 a6 25. Kg2 Bd4+ 26. Kf3 Rxb2 27. Rd1 Rf2+ 28. Ke4 Bc5 29. Rd8+ Kf7 30. Rd7+ Kg6 31. h4 f5+ 32. Kd3 Rxa2 33. Be5 h5 34. Rxg7+ Kh6 35. Rf7 Bb4 36. Rxf5 Be7 37. Bf4+ Kg7 38. Rxh5 Kg8 39. Rd5 a5 40. Rd7 Kf8 41. Rb7 b5 42. Be5 b4 43. Ke4 a4 44. Kf5 Rf2+ 45. Ke4 Rd2 46. Ke3 1-0

[Event "Merida World Heritage op 1st"]
[Site "Merida"]
[Date "2021.08.05"]
[Round "2"]
[White "Lopera Fernandez, Fernando"]
[Black "Villodre Miranda, Juan Alonso"]
[Result "1-0"]
[WhiteElo "1268"]
[BlackElo "1583"]
[PlyCount "73"]
[EventDate "2021.08.04"]
[EventType "swiss"]
[EventRounds "9"]
[EventCountry "ESP"]
[SourceTitle "EXT 2023"]
[Source "ChessBase"]
[SourceDate "2022.10.05"]
[SourceVersion "1"]
[SourceVersionDate "2022.10.05"]
[SourceQuality "1"]

1. e4 g6 2. Nf3 Bg7 3. d4 h6 4. c3 e6 5. Be3 Ne7 6. Bd3 0-0 7. Qd2 Kh7 8. Qc2 f5 9. g3 d5 10. e5 b6 11. Nbd2 Nd7 12. h4 h5 13. Ng5+ Kg8 14. Nxe6 Qe8 15. Nxc7 Qd8 16. Nxa8 Bb7 17. Nxb6 axb6 18. Bg5 Qe8 19. Bxe7 Qxe7 20. 0-0-0 Ra8 21. Kb1 Nf8 22. Qb3 Qc7 23. Nf3 Bc6 24. Ng5 Qb7 25. Bb5 Ra5 26. Bxc6 Qxc6 27. Rhe1 Ne6 28. Nxe6 Qxe6 29. f4 Bf8 30. Rc1 Qc6 31. e6 Be7 32. c4 Qe8 33. cxd5 Rb5 34. Qc2 Rxd5 35. Qc6 Qd8 36. Qc8 Qxc8 37. Rxc8+ 1-0

[Event "Merida Heuristic Solutions op U1600"]
[Site "Badajoz"]
[Date "2021.08.03"]
[Round "4.26"]
[White "Villodre Miranda, Juan Alonso"]
[Black "De Miguel Llanos, Cesar"]
[Result "1-0"]
[WhiteElo "1583"]
[BlackElo "1268"]
[PlyCount "129"]
[EventDate "2021.08.02"]
[EventType "swiss"]
[EventRounds "7"]
[EventCountry "ESP"]
[SourceTitle "EXT 2023"]
[Source "ChessBase"]
[SourceDate "2022.10.05"]
[SourceVersion "1"]
[SourceVersionDate "2022.10.05"]
[SourceQuality "1"]

1. c4 e5 2. Nc3 Nc6 3. e4 Nf6 4. g3 Bc5 5. Bg2 d6 6. h3 0-0 7. Nge2 Be6 8. d3 h6 9. 0-0 Qd7 10. Kh2 Rfe8 11. f4 Qc8 12. f5 Bd7 13. g4 Nd4 14. Nxd4 Bxd4 15. Ne2 Bc5 16. Ng3 Bc6 17. h4 Nd7 18. g5 Qd8 19. Qh5 Kh7 20. g6+ fxg6 21. Qxg6+ Kg8 22. Kh3 Qf6 23. Qg4 Qf7 24. Nh5 Nf6 25. Nxf6+ Qxf6 26. a3 Bd7 27. h5 Rad8 28. Bd2 b6 29. Be1 Qg5 30. Qxg5 hxg5 31. Rf3 Kh7 32. Bd2 Kh6 33. Kg4 Bd4 34. Bxg5+ Kh7 35. Bxd8 Rxd8 36. Rb1 Kh6 37. Rh3 Ba4 38. b3 Bd7 39. a4 c6 40. Bf3 Be3 41. Kg3 Bf4+ 42. Kf2 Kg5 43. Rg1+ Kh6 44. Rg6+ Kh7 45. Rh1 Be8 46. Rg2 Rd7 47. Rg4 Bf7 48. Rg2 d5 49. Rhg1 Bg8 50. f6 dxe4 51. Rxg7+ Rxg7 52. Rxg7+ Kh8 53. Bxe4 Bh6 54. Rg6 Bf8 55. Bxc6 Bc5+ 56. Ke2 Bf7 57. Rg5 Bd4 58. Bd5 Be3 59. Kxe3 e4 60. Bxf7 exd3 61. Kxd3 b5 62. Bd5 bxa4 63. f7 a3 64. f8Q+ Kh7 65. Qg7# 1-0

[Event "Madrid City-ch Seniors 50"]
[Site "Madrid"]
[Date "2021.04.09"]
[Round "4"]
[White "Carrillo Castano, Javier"]
[Black "Villodre Miranda, Juan Alonso"]
[Result "0-1"]
[WhiteElo "1392"]
[BlackElo "1572"]
[PlyCount "35"]
[EventDate "2021.04.06"]
[EventType "swiss"]
[EventRounds "9"]
[EventCountry "ESP"]
[SourceTitle "EXT 2022"]
[Source "ChessBase"]
[SourceDate "2021.10.06"]
[SourceVersion "1"]
[SourceVersionDate "2021.10.06"]
[SourceQuality "1"]

1. e4 g6 2. Nf3 Bg7 3. d4 e6 4. Nc3 d5 5. e5 h6 6. Be2 Nd7 7. Be3 Ne7 8. Bb5 c6 9. Bd3 b6 10. Ne2 a5 11. c3 c5 12. Qa4 c4 13. Bb1 Bb7 14. b3 Bc6 15. Qa3 b5 16. bxc4 dxc4 17. Qc1 Bxf3 18. gxf3 0-1

[Event "Madrid-ch Previa-A"]
[Site "Madrid"]
[Date "2021.02.09"]
[Round "2"]
[White "Torres Rebolledo, Alvaro"]
[Black "Villodre Miranda, Juan Alonso"]
[Result "1/2-1/2"]
[WhiteElo "1251"]
[BlackElo "1577"]
[PlyCount "120"]
[EventDate "2021.02.08"]
[EventType "swiss"]
[EventRounds "9"]
[EventCountry "ESP"]
[SourceTitle "EXT 2022"]
[Source "ChessBase"]
[SourceDate "2021.10.06"]
[SourceVersion "1"]
[SourceVersionDate "2021.10.06"]
[SourceQuality "1"]

1. e4 e5 2. Nf3 d6 3. d4 exd4 4. Nxd4 Nc6 5. Bb5 Bd7 6. Nc3 Nxd4 7. Bxd7+ Qxd7 8. Qxd4 Ne7 9. Bf4 Nc6 10. Qd2 0-0-0 11. 0-0-0 f6 12. f3 Kb8 13. Nd5 Ne5 14. Be3 Nc4 15. Qd3 Nxe3 16. Nxe3 Qf7 17. Kb1 g6 18. Nd5 Bg7 19. Qc4 c6 20. Ne3 Qxc4 21. Nxc4 Kc7 22. Ne3 Rhe8 23. Rhe1 Bh6 24. Ng4 Bg7 25. Ne3 Re7 26. Nc4 b5 27. Ne3 Rde8 28. c4 b4 29. g4 Bh6 30. Rd3 Bxe3 31. Rdxe3 f5 32. gxf5 gxf5 33. Kc2 fxe4 34. Rxe4 Rxe4 35. Rxe4 Rxe4 36. fxe4 Kd7 37. Kd3 Ke6 38. a3 a5 39. a4 c5 40. b3 Kf6 41. Ke2 Kg5 42. Kf3 h5 43. Kg3 h4+ 44. Kf3 h3 45. Kg3 Kf6 46. Kxh3 Ke5 47. Kg4 Kxe4 48. h4 d5 49. cxd5 Kxd5 50. h5 c4 51. bxc4+ Kxc4 52. h6 b3 53. h7 b2 54. h8Q b1Q 55. Qc8+ Kb3 56. Qb7+ Ka2 57. Qd5+ Ka3 58. Qxa5 Qe4+ 59. Kg5 Qxa4 60. Qxa4+ Kxa4 1/2-1/2

[Event "Madrid-ch Previa-A"]
[Site "Madrid"]
[Date "2020.02.17"]
[Round "7"]
[White "Lozano Sanchez, Jose Antonio"]
[Black "Villodre Miranda, Juan Alonso"]
[Result "1-0"]
[WhiteElo "1832"]
[BlackElo "1582"]
[PlyCount "139"]
[EventDate "2020.02.03"]
[EventType "swiss"]
[EventRounds "9"]
[EventCountry "ESP"]
[SourceTitle "EXT 2021"]
[Source "ChessBase"]
[SourceDate "2020.10.23"]
[SourceVersion "1"]
[SourceVersionDate "2020.10.23"]
[SourceQuality "1"]

1. e4 e5 2. Nf3 d6 3. Nc3 c5 4. Bc4 g6 5. d3 h6 6. 0-0 Bg7 7. Ne1 Ne7 8. f4 0-0 9. Nf3 Kh7 10. Be3 f5 11. fxe5 fxe4 12. exd6 exf3 13. dxe7 Qxe7 14. Ne4 fxg2 15. Rxf8 Qxf8 16. Bxc5 Qf4 17. c3 Be5 18. Ng3 Bg4 19. Qe1 Qf3 20. Qe3 Qxe3+ 21. Bxe3 Bf3 22. Ne4 Nc6 23. Nd2 Rf8 24. Bc5 Rf5 25. Nxf3 Rxf3 26. Kxg2 Rf5 27. d4 b6 28. dxe5 Nxe5 29. Bxb6 Nxc4 30. Bxa7 Nxb2 31. Rb1 Nc4 32. Rb7+ Kg8 33. Bd4 h5 34. Rg7+ Kf8 35. Rxg6 Ra5 36. a4 Rxa4 37. Rg5 h4 38. Rh5 Ra2+ 39. Kh3 Kg8 40. Rxh4 Nd6 41. Rg4+ Kh7 42. Rg2 Ra4 43. Rd2 Ne4 44. Rc2 Rc4 45. Kg4 Kg6 46. Kf4 Nc5 47. Ke3 Ne6 48. Kd3 Rc6 49. Rb2 Nxd4 50. cxd4 Kf6 51. h4 Ke6 52. h5 Rc8 53. Ke4 Rh8 54. h6 Kd7 55. h7 Kc6 56. Rh2 Kd6 57. Rh6+ Kd7 58. Ke5 Re8+ 59. Kf5 Rh8 60. Kg6 Re8 61. h8Q Rxh8 62. Rxh8 Ke6 63. Rh5 Kd6 64. Kf6 Kd7 65. Ke5 Kc6 66. d5+ Kd7 67. Rh7+ Kd8 68. Ke6 Kc8 69. Kd6 Kb8 70. Kc6 1-0